DDECS 2015 : Proceedings. 2015 IEEE 18th international symposium on design and diagnostics of electronic circuits and systems. 22-24 April 2015, Belgrade, Serbia /

Salvato in:
Dettagli Bibliografici
Ente Autore: DDECS 2015 Belehrad, Srbsko (Autore, IEEE 18th international symposium on design and diagnostics of electronic circuits and systems)
Altri autori: Stamenkovic, Zoran (Redattore), Pleskacz, Witold (Redattore), Raik, Jaann (Redattore), Vierhaus, Theo (Redattore)
Natura: Atti del Convegno Libro
Lingua:inglese
Pubblicazione: Los Alamitos IEEE 2015
Edizione:1. vyd.
Tags: Aggiungi Tag
Nessun Tag, puoi essere il primo ad aggiungerne!!

MARC

LEADER 00000nam a22000003a 4500
001 0004294
003 SK-STU
005 20180313135317.0
007 ta
008 150428s2015----xo-----e------100-0-----d
020 |a 978-1-4799-6780-3 
024 7 |2 IEEE  |a CFP15DDE-PRT 
040 |a STU  |b slo 
041 0 |a eng 
044 |a xxu 
111 2 |a DDECS 2015  |n 18  |d 22. - 24. 4. 2015  |c Belehrad, Srbsko  |e IEEE 18th international symposium on design and diagnostics of electronic circuits and systems  |4 aut 
245 1 0 |a DDECS 2015 :  |b Proceedings. 2015 IEEE 18th international symposium on design and diagnostics of electronic circuits and systems. 22-24 April 2015, Belgrade, Serbia /  |c ed. Zoran Stamenkovic, Witold Pleskacz, Jean Raik, Theo Vierhaus 
250 |a 1. vyd. 
260 |a Los Alamitos  |b IEEE  |c 2015 
300 |a 307 s. 
700 1 |a Stamenkovic, Zoran  |4 edt 
700 1 |a Pleskacz, Witold  |r Z6  |4 edt 
700 1 |a Raik, Jaann  |r Z6  |4 edt 
700 1 |a Vierhaus, Theo  |4 edt 
996 |b 284IZ00651  |c I*Z10756  |l I  |s A  |a 24  |w 0004294_0001 
996 |b 284IZ00649  |c I*Z10758  |l I  |s A  |a 24  |w 0004294_0003